[Event "LLO 2017/18"]
[Site "Mecklenburg-Vorpommern"]
[Date "2018.02.25"]
[Round "6.7"]
[White "Langbein, Wolfgang"]
[Black "Marzisch, Darius"]
[Result "0-1"]
[WhiteElo "1425"]
[BlackElo "1726"]
[PlyCount "64"]
[EventDate "2017.??.??"]
[EventType "team-tourn"]
[EventRounds "9"]
[SourceDate "2017.10.08"]
[WhiteTeam "Ribnitz-Damgarten"]
[BlackTeam "SG Neubrandenburg II"]

1. e4 e6 2. Nf3 b6 3. d4 Bb7 4. Bd3 Nf6 5. Bg5 Be7 6. Bxf6 Bxf6 7. c3 d5 8. e5
Be7 9. Nbd2 c5 10. Bb5+ Bc6 11. Bxc6+ Nxc6 12. O-O O-O 13. Rc1 Rc8 14. a3 Qd7
15. dxc5 bxc5 16. Re1 Rb8 17. Rb1 Rb7 18. b3 Rfb8 19. Rb2 c4 20. b4 a5 21. Qa4
axb4 22. axb4 Nxe5 23. Qxd7 Nxd7 24. Ra2 Bf6 25. Rc1 Nb6 26. Rcc2 Ra8 27. Nb1
Rba7 28. Rxa7 Rxa7 29. b5 Ra5 30. Rb2 Ra1 31. Nd4 Bxd4 32. cxd4 c3 0-1

[Event "LLO 2017/18"]
[Site "Mecklenburg-Vorpommern"]
[Date "2018.02.25"]
[Round "6.8"]
[White "Stange, Laura"]
[Black "Ehrich, Dieter"]
[Result "0-1"]
[WhiteElo "1570"]
[BlackElo "1486"]
[PlyCount "37"]
[EventDate "2017.??.??"]
[EventType "team-tourn"]
[EventRounds "9"]
[SourceDate "2017.10.08"]
[WhiteTeam "SG Neubrandenburg II"]
[BlackTeam "Ribnitz-Damgarten"]

1. e4 c5 2. Nf3 e6 3. Bc4 Nc6 4. Nc3 Nf6 5. d4 cxd4 6. Nxd4 Ne5 7. Bb3 g6 8. f3
Bg7 9. Be3 O-O 10. Qd2 a6 11. O-O-O b5 12. a3 Nc4 13. Qd3 Nxe3 14. Qxe3 Qb6 15.
Qd2 Bb7 16. Nde2 a5 17. Nd5 Bxd5 18. exd5 Nxd5 19. h4 0-1

[Event "LLO 2017/18"]
[Site "Mecklenburg-Vorpommern"]
[Date "2018.02.25"]
[Round "6.1"]
[White "Kilp, Andreas"]
[Black "Kohn, Thomas"]
[Result "0-1"]
[WhiteElo "1701"]
[BlackElo "1841"]
[PlyCount "88"]
[EventDate "2017.??.??"]
[EventType "team-tourn"]
[EventRounds "9"]
[SourceDate "2017.10.08"]
[WhiteTeam "SAV Torgelow II"]
[BlackTeam "FHSG Stralsund II"]

1. e4 c5 2. Nf3 Nc6 3. d4 cxd4 4. Nxd4 g6 5. Be3 Bg7 6. c3 Nf6 7. Nd2 O-O 8.
Bd3 d5 9. Nxc6 bxc6 10. e5 Ng4 11. Bc5 Nxe5 12. Bc2 Ba6 13. Nb3 Nd7 14. Ba3 Re8
15. Bd3 Qb6 16. O-O e5 17. Rc1 e4 18. Be2 Bxe2 19. Qxe2 Ne5 20. Rfd1 Nd3 21.
Rc2 Bh6 22. c4 d4 23. c5 Qd8 24. Kh1 Nf4 25. Qg4 f5 26. Qg3 d3 27. Rc4 Qf6 28.
Nd4 Rad8 29. Nb3 Ne6 30. Kg1 Bf4 31. Qh3 Be5 32. Ra4 Rd7 33. Ra6 Nf4 34. Qh6
Ne2+ 35. Kh1 f4 36. Na5 Nd4 37. Nc4 Nf5 38. Qh3 Re6 39. b3 Bd4 40. g4 Qh4 41.
Qxh4 Nxh4 42. Kg1 e3 43. fxe3 fxe3 44. Nxe3 Rxe3 0-1

[Event "LLO 2017/18"]
[Site "Mecklenburg-Vorpommern"]
[Date "2018.02.25"]
[Round "6.2"]
[White "Vietinghoff, Klaus"]
[Black "Kilp, Gunnar"]
[Result "1-0"]
[WhiteElo "1733"]
[BlackElo "1685"]
[PlyCount "104"]
[EventDate "2017.??.??"]
[EventType "team-tourn"]
[EventRounds "9"]
[SourceDate "2017.10.08"]
[WhiteTeam "FHSG Stralsund II"]
[BlackTeam "SAV Torgelow II"]

1. f4 d5 2. Nf3 g6 3. e3 Bg7 4. d4 Bg4 5. Be2 e6 6. O-O Ne7 7. h3 Bxf3 8. Bxf3
O-O 9. c3 Nd7 10. Qe1 c5 11. g4 cxd4 12. exd4 b5 13. a3 a5 14. Be3 Nb6 15. Be2
Nc4 16. Bxc4 bxc4 17. a4 Rb8 18. Rf2 Qd7 19. Bc1 Nc8 20. Nd2 Nd6 21. Re2 Rb7
22. Nf3 Ne4 23. Ne5 Qc8 24. g5 f6 25. gxf6 Bxf6 26. Ng4 Qd8 27. Nxf6+ Qxf6 28.
Rxe4 dxe4 29. Qxe4 Rfb8 30. Qe2 Rc7 31. Kg2 Qf5 32. Kh2 Kf7 33. Qe5 Qxe5 34.
fxe5 Kg7 35. Kg3 Rf7 36. Rb1 h6 37. h4 Kh7 38. Bf4 Rfb7 39. Bc1 Rb3 40. Ra1
R3b7 41. Kf3 Rf7+ 42. Ke4 Rf1 43. d5 Rb7 44. dxe6 Rd1 45. e7 Rb8 46. e6 g5 47.
hxg5 hxg5 48. Kf5 g4 49. Bf4 Rd5+ 50. Be5 Rxe5+ 51. Kxe5 Kg6 52. Rf1 Re8 1-0

[Event "LLO 2017/18"]
[Site "Mecklenburg-Vorpommern"]
[Date "2018.02.25"]
[Round "6.3"]
[White "Kasel, Alexander"]
[Black "Jabbusch, Burkhard"]
[Result "1-0"]
[WhiteElo "1668"]
[BlackElo "1641"]
[PlyCount "103"]
[EventDate "2017.??.??"]
[EventType "team-tourn"]
[EventRounds "9"]
[SourceDate "2017.10.08"]
[WhiteTeam "SAV Torgelow II"]
[BlackTeam "FHSG Stralsund II"]

1. c4 c5 2. g3 Nc6 3. Bg2 Nf6 4. Nc3 e5 5. d3 Be7 6. Nf3 O-O 7. O-O d6 8. a3
Rb8 9. Rb1 Nd4 10. b4 b6 11. Nxd4 exd4 12. Nb5 Qd7 13. bxc5 bxc5 14. a4 a6 15.
Na3 Rxb1 16. Nxb1 d5 17. Nd2 Bb7 18. Ba3 dxc4 19. Nxc4 Bxg2 20. Kxg2 Nd5 21.
Qb3 Nc3 22. e3 Re8 23. Ne5 Qe6 24. Qxe6 fxe6 25. a5 Nb5 26. Bc1 Bd6 27. exd4
cxd4 28. Nc4 Bc7 29. Re1 Kf7 30. f4 g6 31. Bd2 h5 32. Bb4 Rd8 33. Ne5+ Bxe5 34.
Rxe5 Rc8 35. Rc5 Rb8 $2 (35... Rxc5 36. Bxc5 Kf6 $11) 36. Rc6 Ra8 37. Kf3 Ra7
38. Bc5 Rc7 39. Rxc7+ Nxc7 40. Bxd4 Nb5 41. Ke4 Ke7 42. Ke5 Nc7 43. Bc5+ Kd7
44. Kf6 Nd5+ 45. Kxg6 Kc6 46. Bf2 Nb4 47. Kxh5 Nxd3 48. Bb6 Nb2 49. g4 Nc4 50.
g5 Nxb6 51. axb6 a5 52. g6 1-0

[Event "LLO 2017/18"]
[Site "Mecklenburg-Vorpommern"]
[Date "2018.02.25"]
[Round "6.4"]
[White "Sparr, Andreas"]
[Black "Grossmann, Piet"]
[Result "0-1"]
[WhiteElo "1595"]
[BlackElo "1654"]
[PlyCount "106"]
[EventDate "2017.??.??"]
[EventType "team-tourn"]
[EventRounds "9"]
[SourceDate "2017.10.08"]
[WhiteTeam "FHSG Stralsund II"]
[BlackTeam "SAV Torgelow II"]

1. e4 e6 2. d4 d5 3. e5 c5 4. c3 Qb6 5. Qc2 cxd4 6. cxd4 Nc6 7. Be3 Bd7 8. Nf3
Rc8 9. Nc3 Bb4 10. Rb1 Qa5 11. Bd2 Nge7 12. Bd3 h6 13. O-O Bxc3 14. Bxc3 Qc7
15. Rfc1 Qb8 16. Qb3 O-O 17. h3 f6 18. Re1 f5 19. Nh4 g5 20. Nf3 Rf7 21. Qd1
Rg7 22. Nh2 Be8 23. Be2 Bf7 24. Kh1 Rf8 25. Qd2 Ng6 26. g3 Qd8 27. Rbc1 Be8 28.
Qd1 Kh8 29. Rf1 Rfg8 30. Kg2 a6 31. Kh1 Bf7 32. a3 Be8 33. b4 b5 34. Bb2 Na7
35. Nf3 Nc8 36. Nd2 Nb6 37. Nb3 Nc4 38. Bxc4 $2 (38. Rc2 $11) 38... dxc4 39.
Nc5 Qd5+ 40. Kh2 Bc6 41. Rg1 Ra7 42. Qd2 Nxe5 43. Rc3 Kh7 44. Qe3 Nf3+ 45. Qxf3
Qxf3 46. Rxf3 Bxf3 47. Nxe6 Re8 48. Nc5 Re2 49. Rb1 Rxf2+ 50. Kg1 Rg2+ 51. Kf1
Re7 52. Bc3 Ree2 53. Re1 Ref2# 0-1

[Event "LLO 2017/18"]
[Site "Mecklenburg-Vorpommern"]
[Date "2018.02.25"]
[Round "6.5"]
[White "Schmekel, Felix"]
[Black "Klinger, Clemens"]
[Result "1-0"]
[WhiteElo "1636"]
[BlackElo "1582"]
[PlyCount "57"]
[EventDate "2017.??.??"]
[EventType "team-tourn"]
[EventRounds "9"]
[SourceDate "2017.10.08"]
[WhiteTeam "SAV Torgelow II"]
[BlackTeam "FHSG Stralsund II"]

1. d4 d5 2. c4 e6 3. Nc3 Nf6 4. cxd5 exd5 5. Bg5 Be7 6. e3 c6 7. Bd3 O-O 8.
Nge2 Nbd7 9. Qc2 g6 10. Ng3 Ne8 11. Bh6 Ng7 12. O-O-O Re8 13. Nge2 Nb6 14. Bf4
Nc4 15. Bg3 b5 16. Nf4 Bf5 17. h4 Bg4 18. Rde1 h5 19. f3 Bf5 20. Bf2 Bxd3 21.
Qxd3 Bd6 22. g3 Nf5 23. e4 dxe4 24. fxe4 Ng7 25. e5 Be7 26. e6 Nxe6 27. Rxe6
fxe6 28. Qxg6+ Kh8 29. Nxe6 1-0

[Event "LLO 2017/18"]
[Site "Mecklenburg-Vorpommern"]
[Date "2018.02.25"]
[Round "6.6"]
[White "Vlach, Michael"]
[Black "Schmekel, Matthias"]
[Result "1-0"]
[WhiteElo "1558"]
[BlackElo "1638"]
[PlyCount "120"]
[EventDate "2017.??.??"]
[EventType "team-tourn"]
[EventRounds "9"]
[SourceDate "2017.10.08"]
[WhiteTeam "FHSG Stralsund II"]
[BlackTeam "SAV Torgelow II"]

1. d4 f5 2. c4 g6 3. Nc3 Nf6 4. Bg5 Bg7 5. Qd2 h6 6. Bxf6 Bxf6 7. Nd5 Bg7 8.
Nf3 d6 9. Nf4 g5 10. Nh5 Bf8 11. Nxg5 e5 12. Nh3 Qh4 13. Ng3 Bg7 14. dxe5 dxe5
15. Rd1 Nc6 16. e3 Bf8 17. a3 Be6 18. Qc2 Ne7 19. Bd3 O-O-O 20. Nxf5 Nxf5 21.
Bxf5 Rxd1+ 22. Kxd1 Qh5+ 23. g4 Qf7 24. Bxe6+ Qxe6 25. Qf5 Qxf5 26. gxf5 Bc5
27. Rg1 Rd8+ 28. Ke2 a5 29. Rg6 Bf8 30. Re6 Rd6 31. Re8+ Rd8 32. Rxd8+ Kxd8 33.
Kf3 Ke7 34. Ke4 a4 35. Ng1 Kf6 36. h4 c6 37. Ne2 Kf7 38. Nc3 Be7 39. h5 Kf6 40.
f4 exf4 41. exf4 Kf7 42. Nxa4 Bf6 43. b4 b5 44. cxb5 cxb5 45. Nc5 Bb2 46. a4
bxa4 47. Nxa4 Ba3 48. b5 Ke8 49. Nb6 Kd8 50. f6 Bc5 51. Nd5 Bd6 52. Kf5 Ke8 53.
Kg6 Kf8 54. Kxh6 Kf7 55. Kg5 Ke6 56. h6 Kxd5 57. h7 Ke4 58. f5 Bf4+ 59. Kg6 Be5
60. h8=Q Bxf6 1-0

[Event "LLO 2017/18"]
[Site "Mecklenburg-Vorpommern"]
[Date "2018.02.25"]
[Round "6.7"]
[White "Schmidt, Paul"]
[Black "Isigkeit, Hans Juergen"]
[Result "1-0"]
[WhiteElo "1590"]
[BlackElo "1540"]
[PlyCount "41"]
[EventDate "2017.??.??"]
[EventType "team-tourn"]
[EventRounds "9"]
[SourceDate "2017.10.08"]
[WhiteTeam "SAV Torgelow II"]
[BlackTeam "FHSG Stralsund II"]

1. e4 c5 2. d4 cxd4 3. c3 e5 4. Nf3 Nc6 5. cxd4 Bb4+ 6. Bd2 exd4 7. Nxd4 Bxd2+
8. Qxd2 Nf6 9. Nc3 O-O 10. Bc4 a6 11. Rd1 Nxd4 12. Qxd4 b5 13. Bb3 Bb7 14. O-O
Qc7 15. e5 Qc6 16. f3 Ne8 17. Qxd7 Qb6+ 18. Kh1 g6 19. e6 Nf6 20. exf7+ Kg7 21.
Qe7 1-0

[Event "LLO 2017/18"]
[Site "Mecklenburg-Vorpommern"]
[Date "2018.02.25"]
[Round "6.8"]
[White "Leddin, Mathias"]
[Black "Massloch, Philipp"]
[Result "0-1"]
[WhiteElo "1538"]
[BlackElo "1628"]
[PlyCount "90"]
[EventDate "2017.??.??"]
[EventType "team-tourn"]
[EventRounds "9"]
[SourceDate "2017.10.08"]
[WhiteTeam "FHSG Stralsund II"]
[BlackTeam "SAV Torgelow II"]

1. e4 c5 2. c4 Nc6 3. f4 e6 4. Nc3 g6 5. Nf3 Bg7 6. Be2 Nge7 7. d3 O-O 8. O-O
d5 9. e5 a6 10. a4 Nf5 11. Bd2 b6 12. Qe1 Bb7 13. Rb1 Ncd4 14. Nxd4 Nxd4 15.
Bg4 Nb3 16. Bf3 Rb8 17. Rd1 h5 18. g3 Qd7 19. Bc1 d4 20. Bxb7 Rxb7 21. Ne4 Qxa4
22. Nf6+ Bxf6 23. exf6 Qc6 24. Qe5 Nxc1 25. Rxc1 Rd8 26. Qg5 Kh7 27. g4 Qe8 28.
Qh4 (28. gxh5 Qf8 29. Rf3 Qh6 30. hxg6+ Qxg6 31. Rh3+ Kg8 32. Qg2 Rbd7 33. Kh1
Qxg2+ 34. Kxg2 {und Weiß setzt matt}) 28... Qf8 29. Rc2 Qh6 30. g5 Qf8 31. Ra1
Ra8 32. Qe1 Qd6 33. Qe4 Rba7 34. b3 b5 35. Rca2 bxc4 36. bxc4 Rb8 37. Kf2 Rb3
38. Ke2 Qb6 39. Rc2 a5 40. Qh1 a4 41. Qc1 a3 42. Raa2 Qb7 43. Qf1 Rb2 44. Raxb2
axb2 45. Qb1 Qg2+ 0-1

[Event "LLO 2017/18"]
[Site "Mecklenburg-Vorpommern"]
[Date "2018.03.18"]
[Round "7.1"]
[White "Hornecker, Siegfried"]
[Black "Kilp, Andreas"]
[Result "1-0"]
[WhiteElo "1858"]
[BlackElo "1701"]
[PlyCount "28"]
[EventDate "2017.??.??"]
[EventType "team-tourn"]
[EventRounds "9"]
[SourceDate "2017.10.08"]
[WhiteTeam "SG Guestrow/Teterow II"]
[BlackTeam "SAV Torgelow II"]

1. e4 e5 2. f4 d5 3. exd5 e4 4. d3 Nf6 5. Nc3 Bb4 6. Bd2 exd3 7. Bxd3 O-O 8.
Nge2 Bxc3 9. Bxc3 Nxd5 10. Qd2 Re8 11. O-O-O Ne3 12. Bxh7+ Kxh7 13. Qxd8 Rxd8
14. Rxd8 Nxg2 1-0

[Event "LLO 2017/18"]
[Site "Mecklenburg-Vorpommern"]
[Date "2018.03.18"]
[Round "7.2"]
[White "Balz, Christian"]
[Black "Armbruester, Clemens"]
[Result "1-0"]
[WhiteElo "1637"]
[BlackElo "1706"]
[PlyCount "59"]
[EventDate "2017.??.??"]
[EventType "team-tourn"]
[EventRounds "9"]
[SourceDate "2017.10.08"]
[WhiteTeam "SAV Torgelow II"]
[BlackTeam "SG Guestrow/Teterow II"]

1. e4 c5 2. Nf3 d6 3. d4 cxd4 4. Nxd4 Nf6 5. Nc3 g6 6. Be3 Bg7 7. f3 O-O 8. Qd2
Nc6 9. Bc4 Bd7 10. O-O-O Rc8 11. Bb3 Na5 12. Kb1 Nc4 13. Bxc4 Rxc4 14. h4 Qc7
15. h5 Rb8 16. hxg6 hxg6 17. Bh6 Bh8 18. Bf8 Nh5 19. Rxh5 gxh5 20. Bxe7 Qa5 21.
Nf5 f6 22. Qxd6 Bxf5 23. Qxb8+ Rc8 24. Qg3+ Kf7 25. exf5 Qxf5 26. Qd6 Rxc3 27.
bxc3 Qb5+ 28. Qb4 Qe2 29. Rd7 Qd1+ 30. Rxd1 1-0

[Event "LLO 2017/18"]
[Site "Mecklenburg-Vorpommern"]
[Date "2018.03.18"]
[Round "7.3"]
[White "Ebert, Lutz"]
[Black "Grossmann, Piet"]
[Result "0-1"]
[WhiteElo "1723"]
[BlackElo "1654"]
[PlyCount "86"]
[EventDate "2017.??.??"]
[EventType "team-tourn"]
[EventRounds "9"]
[SourceDate "2017.10.08"]
[WhiteTeam "SG Guestrow/Teterow II"]
[BlackTeam "SAV Torgelow II"]

1. Nf3 Nf6 2. b4 e6 3. b5 c5 4. c4 b6 5. Bb2 Bb7 6. e3 Be7 7. Be2 O-O 8. O-O d6
9. d4 cxd4 10. Nxd4 Qc7 11. Nd2 Nbd7 12. a4 Nc5 13. N4b3 a5 14. Nxc5 Qxc5 15.
Bd4 Qc7 16. Rc1 Nd7 17. Nb3 Rfd8 18. Bf3 Rac8 19. Bxb7 Qxb7 20. Qe2 e5 21. Bb2
d5 22. f4 exf4 23. exf4 Bc5+ 24. Kh1 dxc4 25. Rxc4 Re8 26. Qg4 f6 27. h3 Kf7
28. Rd1 Re7 29. Qh5+ Kg8 30. Qd5+ Qxd5 31. Rxd5 Re1+ 32. Kh2 Bg1+ 33. Kg3 Rxc4
34. Nd2 Rc2 35. Nf3 Ree2 36. Rxd7 Rxg2+ 37. Kh4 Rxb2 38. Rb7 Bf2+ 39. Kh5 g6+
40. Kh6 Rg3 41. Rb8+ Kf7 42. Rb7+ Ke6 43. f5+ gxf5 0-1

[Event "LLO 2017/18"]
[Site "Mecklenburg-Vorpommern"]
[Date "2018.03.18"]
[Round "7.4"]
[White "Schmekel, Matthias"]
[Black "Joers, Pia Milena"]
[Result "1/2-1/2"]
[WhiteElo "1638"]
[BlackElo "1623"]
[PlyCount "96"]
[EventDate "2017.??.??"]
[EventType "team-tourn"]
[EventRounds "9"]
[SourceDate "2017.10.08"]
[WhiteTeam "SAV Torgelow II"]
[BlackTeam "SG Guestrow/Teterow II"]

1. e4 c5 2. Nf3 e6 3. Nc3 Nc6 4. d4 cxd4 5. Nxd4 a6 6. Be3 Bc5 7. Nxc6 dxc6 8.
Qxd8+ Kxd8 9. O-O-O+ Ke8 10. Bd4 Nf6 11. f3 Rg8 12. Bd3 h6 13. Ne2 b5 14. c3
Be7 15. Rhe1 c5 16. Bf2 Bb7 17. Ng3 g5 18. Be3 Rd8 19. c4 b4 20. Re2 Nd7 21. f4
Nf6 22. Kc2 Ng4 23. fxg5 Nxe3+ 24. Rxe3 hxg5 25. Rf1 Bd6 26. e5 Bc7 27. Be4
Bxe4+ 28. Nxe4 Bxe5 29. Nxc5 Bd4 30. Nxe6 Bxe3 31. Nxd8 Kxd8 32. Rxf7 Rg6 33.
Kd3 Bg1 34. Rh7 Re6 35. Rh5 Re5 36. h4 Be3 37. hxg5 Bxg5 38. Kd4 Ra5 39. c5
Bf6+ 40. Kc4 Ra4 41. Kb3 Ra5 42. g4 Rb5 43. Rf5 Be7 44. Kc4 Kd7 45. g5 Rb8 46.
Kd5 Rf8 47. Re5 Bd8 48. c6+ Kc7 1/2-1/2

[Event "LLO 2017/18"]
[Site "Mecklenburg-Vorpommern"]
[Date "2018.03.18"]
[Round "7.5"]
[White "Janisch, Harald"]
[Black "Schmidt, Paul"]
[Result "1/2-1/2"]
[WhiteElo "1545"]
[BlackElo "1590"]
[PlyCount "53"]
[EventDate "2017.??.??"]
[EventType "team-tourn"]
[EventRounds "9"]
[SourceDate "2017.10.08"]
[WhiteTeam "SG Guestrow/Teterow II"]
[BlackTeam "SAV Torgelow II"]

1. e4 c5 2. Nf3 d6 3. Bc4 Nf6 4. d3 e6 5. Nc3 a6 6. a4 Be7 7. O-O Nc6 8. Bb3
Bd7 9. Bg5 O-O 10. Qd2 Rb8 11. Ne2 h6 12. Bf4 b5 13. axb5 axb5 14. Ng3 e5 15.
Bxh6 gxh6 16. Qxh6 Ng4 17. Qg6+ Kh8 18. Bxf7 Rxf7 19. Qxf7 Qf8 20. Qg6 Qg7 21.
Qxg7+ Kxg7 22. h3 Nf6 23. Ra6 Nb4 24. Ra7 Nc6 25. Raa1 Kg6 26. c3 c4 27. Rfd1
1/2-1/2

[Event "LLO 2017/18"]
[Site "Mecklenburg-Vorpommern"]
[Date "2018.03.18"]
[Round "7.6"]
[White "Greinert, Timo"]
[Black "Zoll, Cindy"]
[Result "1-0"]
[WhiteElo "1780"]
[BlackElo "1333"]
[PlyCount "85"]
[EventDate "2017.??.??"]
[EventType "team-tourn"]
[EventRounds "9"]
[SourceDate "2017.10.08"]
[WhiteTeam "SAV Torgelow II"]
[BlackTeam "SG Guestrow/Teterow II"]

1. c4 e6 2. Nc3 Nf6 3. e4 d5 4. e5 d4 5. exf6 dxc3 6. bxc3 Qxf6 7. Nf3 Nd7 8.
d4 Qd8 9. Bd3 Be7 10. Qc2 Nf6 11. Be3 b6 12. Rb1 O-O 13. Ne5 Qd6 14. f4 c5 15.
O-O h6 16. Rf3 Nd7 17. Be4 Rb8 18. Rg3 Kh8 19. Rd1 Nxe5 20. fxe5 Qc7 21. Qd2 g5
22. Rf1 cxd4 23. cxd4 Qxc4 24. Rgf3 Kg7 25. h4 Bb7 26. Bxb7 Rxb7 27. hxg5 h5
28. Qf2 Bd8 29. Qh4 Rh8 30. Qf4 Qc7 31. Rh3 Kf8 32. Qf3 Ke8 33. Rxh5 Rxh5 34.
Qxh5 Qe7 35. g6 Qf8 36. Bh6 Qg8 37. g7 b5 38. Rc1 Rc7 39. Rxc7 Bxc7 40. Qf3 Kd7
41. Qb7 a5 42. Qxb5+ Kc8 43. Qc5 1-0

[Event "LLO 2017/18"]
[Site "Mecklenburg-Vorpommern"]
[Date "2018.03.18"]
[Round "7.7"]
[White "Tackmann, Lars Erik"]
[Black "Plock, Joerg"]
[Result "0-1"]
[WhiteElo "1310"]
[BlackElo "1558"]
[PlyCount "48"]
[EventDate "2017.??.??"]
[EventType "team-tourn"]
[EventRounds "9"]
[SourceDate "2017.10.08"]
[WhiteTeam "SG Guestrow/Teterow II"]
[BlackTeam "SAV Torgelow II"]

1. e4 c5 2. Nf3 Nc6 3. d4 cxd4 4. Nxd4 Nf6 5. Nc3 e5 6. Nxc6 bxc6 7. f3 Be7 8.
Bc4 O-O 9. Be3 Bb7 10. Bf2 d5 11. exd5 cxd5 12. Bb3 Bb4 13. O-O Ba6 14. Ne2 Re8
15. c3 Ba5 16. Re1 d4 17. Rc1 d3 18. Bxf7+ Kxf7 19. Qb3+ Qd5 20. Qxd5+ Nxd5 21.
Rcd1 dxe2 22. Rxd5 Bb6 23. Rd7+ Ke6 24. Rd2 Rad8 0-1

[Event "LLO 2017/18"]
[Site "Mecklenburg-Vorpommern"]
[Date "2018.03.18"]
[Round "7.8"]
[White "Beck, Jules"]
[Black "Kalettka, Joachim"]
[Result "1/2-1/2"]
[WhiteElo "1528"]
[BlackElo "1268"]
[PlyCount "36"]
[EventDate "2017.??.??"]
[EventType "team-tourn"]
[EventRounds "9"]
[SourceDate "2017.10.08"]
[WhiteTeam "SAV Torgelow II"]
[BlackTeam "SG Guestrow/Teterow II"]

1. e4 c5 2. f4 e6 3. Nf3 a6 4. Be2 Nf6 5. d3 d6 6. O-O Nc6 7. Qe1 Be7 8. Nfd2
b5 9. Nb3 Nb4 10. Na3 Bb7 11. f5 e5 12. Qg3 Rg8 13. Be3 Qc7 14. Nd2 d5 15. c3
Nc6 16. Bf3 O-O-O 17. Rad1 d4 18. Bf2 dxc3 1/2-1/2

[Event "LLO 2017/18"]
[Site "Mecklenburg-Vorpommern"]
[Date "2018.03.18"]
[Round "7.2"]
[White "Floegel, Thomas"]
[Black "Kohn, Thomas"]
[Result "0-1"]
[WhiteElo "1685"]
[BlackElo "1841"]
[PlyCount "58"]
[EventDate "2017.??.??"]
[EventType "team-tourn"]
[EventRounds "9"]
[SourceDate "2017.10.08"]
[WhiteTeam "Ribnitz-Damgarten"]
[BlackTeam "FHSG Stralsund II"]

1. d4 Nf6 2. c4 g6 3. Nc3 Bg7 4. e4 d6 5. Nf3 O-O 6. Be2 e5 7. O-O Nc6 8. d5
Ne7 9. b4 Ne8 10. Bg5 h6 11. Bh4 g5 12. Bg3 f5 13. exf5 Nxf5 14. Ne4 Nf6 15.
Bd3 Nxe4 16. Bxe4 Qf6 17. Qc2 g4 18. Nd2 h5 19. f3 Ne3 20. Qd3 Nxf1 21. Rxf1
Qg5 22. Bf2 Bh6 23. Rd1 Bd7 24. Nf1 gxf3 25. Bxf3 Bf5 26. Qe2 Bg4 27. Be3 Bxf3
28. Qxf3 Rxf3 29. Bxg5 Rxf1+ 0-1

[Event "LLO 2017/18"]
[Site "Mecklenburg-Vorpommern"]
[Date "2018.03.18"]
[Round "7.3"]
[White "Klepin, Wilfried"]
[Black "Dittschlag, Lothar"]
[Result "1-0"]
[WhiteElo "1818"]
[BlackElo "1646"]
[PlyCount "63"]
[EventDate "2017.??.??"]
[EventType "team-tourn"]
[EventRounds "9"]
[SourceDate "2017.10.08"]
[WhiteTeam "FHSG Stralsund II"]
[BlackTeam "Ribnitz-Damgarten"]

1. d4 d5 2. Nf3 Nf6 3. Bf4 e6 4. e3 c5 5. c3 Nc6 6. Nbd2 a6 7. Bd3 c4 8. Bc2 b5
9. e4 dxe4 10. Nxe4 Nxe4 11. Bxe4 Bb7 12. O-O f5 13. Bxc6+ Bxc6 14. Re1 Bd5 15.
Ng5 Qf6 16. Nxe6 Bxe6 17. Qf3 Ra7 18. d5 Be7 19. Rxe6 Qf7 20. Qe3 Rd7 21. d6
O-O 22. Rxe7 Rxe7 23. dxe7 Re8 24. Rd1 Qxe7 25. g3 Qf7 26. Qf3 Qe6 27. Be3 h6
28. h4 Kh7 29. Qf4 Ra8 30. Rd6 Qe4 31. Qxe4 fxe4 32. Re6 1-0

[Event "LLO 2017/18"]
[Site "Mecklenburg-Vorpommern"]
[Date "2018.03.18"]
[Round "7.4"]
[White "Morejko, Wojciech"]
[Black "Rickmann, Niklas"]
[Result "1/2-1/2"]
[WhiteElo "1608"]
[BlackElo "1716"]
[PlyCount "68"]
[EventDate "2017.??.??"]
[EventType "team-tourn"]
[EventRounds "9"]
[SourceDate "2017.10.08"]
[WhiteTeam "Ribnitz-Damgarten"]
[BlackTeam "FHSG Stralsund II"]

1. e4 e6 2. d4 d5 3. Nd2 c5 4. Ngf3 Nc6 5. Bb5 Bd7 6. exd5 exd5 7. dxc5 Bxc5 8.
O-O Nge7 9. Nb3 Bd6 10. Re1 O-O 11. Bd3 Bf5 12. Bxf5 Nxf5 13. g3 Nce7 14. Nbd4
Qd7 15. Nxf5 Qxf5 16. Nd4 Qd7 17. Qd3 Rac8 18. c3 Ng6 19. Nf3 Bc5 20. Be3 b6
21. Rad1 Rfd8 22. Bxc5 bxc5 23. Ne5 Nxe5 24. Rxe5 d4 25. cxd4 Qxd4 26. Qxd4
cxd4 27. Rd3 Rd7 28. Kg2 Kf8 29. Kf3 Rc2 30. Rb5 Ke7 31. Rb4 Ke6 32. Rdxd4 Rxd4
33. Rxd4 Rxb2 34. Ra4 Rb7 1/2-1/2

[Event "LLO 2017/18"]
[Site "Mecklenburg-Vorpommern"]
[Date "2018.03.18"]
[Round "7.5"]
[White "Jabbusch, Burkhard"]
[Black "Klugmann, Horst"]
[Result "1-0"]
[WhiteElo "1641"]
[BlackElo "1631"]
[PlyCount "81"]
[EventDate "2017.??.??"]
[EventType "team-tourn"]
[EventRounds "9"]
[SourceDate "2017.10.08"]
[WhiteTeam "FHSG Stralsund II"]
[BlackTeam "Ribnitz-Damgarten"]

1. f4 d5 2. d4 Nf6 3. Nf3 e6 4. e3 Nbd7 5. Bd3 Be7 6. O-O O-O 7. Nbd2 c5 8. c3
c4 9. Bc2 b5 10. Ne5 Bb7 11. Qf3 Qc7 12. g4 g6 13. Rf2 Ne8 14. Qg3 Nxe5 15.
fxe5 Ng7 16. h4 f6 17. Nf3 fxe5 18. dxe5 Qc6 19. Nd4 Qd7 20. Rxf8+ Rxf8 21. Bd2
Qe8 22. Rf1 Rxf1+ 23. Kxf1 a6 24. Ke2 Qf7 25. Be1 Qe8 26. Kd2 Qf7 27. Bd1 Bc5
28. Bf3 Kh8 29. Qg2 Kg8 30. Bg3 Qd7 31. Bf2 Bxd4 32. exd4 Qf7 33. Be3 Ne8 34.
Qh3 Ng7 35. Bg5 Ne8 36. Ke2 Qf8 37. h5 h6 38. hxg6 Qg7 39. Qxh6 Bc6 40. Qh5 Nc7
41. Bf6 1-0

[Event "LLO 2017/18"]
[Site "Mecklenburg-Vorpommern"]
[Date "2018.03.18"]
[Round "7.6"]
[White "Wehrmann, Horst"]
[Black "Sparr, Andreas"]
[Result "1-0"]
[WhiteElo "1585"]
[BlackElo "1595"]
[PlyCount "120"]
[EventDate "2017.??.??"]
[EventType "team-tourn"]
[EventRounds "9"]
[SourceDate "2017.10.08"]
[WhiteTeam "Ribnitz-Damgarten"]
[BlackTeam "FHSG Stralsund II"]

1. d4 d6 2. c4 Nf6 3. Nc3 g6 4. e3 Bg7 5. Nf3 Bf5 6. Bd3 Bxd3 7. Qxd3 Nbd7 8.
O-O O-O 9. b3 Re8 10. Bb2 e5 11. dxe5 Nxe5 12. Nxe5 Rxe5 13. Ne2 Rh5 14. h3 Qd7
15. Bxf6 Bxf6 16. Rad1 Be5 17. f4 Bg7 18. Rf3 Re8 19. Ng3 Ra5 20. Rd2 Qe6 21.
Ne2 Qe4 22. Qxe4 Rxe4 23. Ng3 Re7 24. e4 Bh6 25. Re2 Bg7 26. Rd3 Kf8 27. Kf2
Bf6 28. Kf3 Bh4 29. Nf1 Re6 30. Rd5 Ra3 31. g4 Bf6 32. g5 Bc3 33. Rc2 Bb4 34.
Rb5 Bc5 35. Rxb7 Bb6 36. Rb8+ Kg7 37. Ne3 Bxe3 38. Kxe3 c5 39. Rb7 Ra6 40. h4
Kf8 41. Rd2 Re7 42. Rxe7 Kxe7 43. f5 Ra3 44. Kd3 Ra6 45. a4 Rb6 46. Kc3 Rb8 47.
Rd5 f6 48. gxf6+ Kxf6 49. Rxd6+ Ke5 50. Re6+ Kf4 51. fxg6 hxg6 52. Rxg6 Kxe4
53. Rc6 Rh8 54. Rxc5 Rxh4 55. Kb4 Kd4 56. Rd5+ Ke4 57. Rd7 a6 58. c5 a5+ 59.
Kxa5 Rh5 60. Kb4 Rh3 1-0

[Event "LLO 2017/18"]
[Site "Mecklenburg-Vorpommern"]
[Date "2018.03.18"]
[Round "7.7"]
[White "Klinger, Clemens"]
[Black "Zierke, Udo"]
[Result "0-1"]
[WhiteElo "1582"]
[BlackElo "1597"]
[PlyCount "78"]
[EventDate "2017.??.??"]
[EventType "team-tourn"]
[EventRounds "9"]
[SourceDate "2017.10.08"]
[WhiteTeam "FHSG Stralsund II"]
[BlackTeam "Ribnitz-Damgarten"]

1. e4 e5 2. Nf3 Nc6 3. Bc4 Bc5 4. O-O Nf6 5. d4 Bxd4 6. Nxd4 Nxd4 7. Bg5 h6 8.
Bh4 g5 9. f4 d5 10. exd5 Bg4 11. Qd2 Ne4 12. Qe3 f5 13. fxe5 Nxc2 14. Qb3 Nxa1
15. Qa4+ Ke7 16. Qb4+ Ke8 17. Bb5+ c6 18. dxc6 Qb6+ 19. Kh1 bxc6 20. Na3 cxb5
21. Be1 a5 22. Qxb5+ Qxb5 23. Nxb5 Rc8 24. Nc3 Nxc3 25. Bxc3 Nc2 26. h3 Ne3 27.
Re1 Bxh3 28. Rxe3 Bg4 29. Bxa5 Ra8 30. Rc3 Kd7 31. Rc7+ Ke6 32. Bc3 Rac8 33.
Rb7 Rc6 34. a4 Ra8 35. a5 Rxc3 36. bxc3 Rxa5 37. Rh7 h5 38. Rg7 Kxe5 39. Rxg5
Kf4 0-1